000 00685nam a2200205 a 4500
003 0
005 20250225111447.0
008 111114s19uu xx 00 eng d
050 _aPGS LB 1131
_b.K49 2011
100 _aKim, Sol (Amy).
245 _aPet ownership and environmental awareness /
_cSol Kim (Amy).
260 _aLas PiƱas City, Philippines :
_bSouthville International School and Colleges,
_c2011.
300 _a20 pages :
_billustrations ;
_c28 cm.
504 _aIncludes bibliographical references.
650 _aPet ownership.
650 _aEnvironmental awareness.
650 _aEnvironmental attitudes.
650 _aStudents, elementary.
942 _2lcc
_cPASS
999 _c98608
_d98608